MARC details
| 000 -CABECERA |
| campo de control de longitud fija |
01964nam a2200289 a 4500 |
| 001 - NÚMERO DE CONTROL |
| campo de control |
000000488 |
| 003 - IDENTIFICADOR DEL NÚMERO DE CONTROL |
| campo de control |
DO-SdBNP |
| 005 - FECHA Y HORA DE LA ÚLTIMA TRANSACCIÓN |
| campo de control |
20251027102714.0 |
| 008 - DATOS DE LONGITUD FIJA--INFORMACIÓN GENERAL |
| campo de control de longitud fija |
081127s2007 ck ab 000 0 spa d |
| 020 ## - NÚMERO INTERNACIONAL ESTÁNDAR DEL LIBRO |
| Número Internacional Estándar del Libro |
9789589818503 |
| 020 ## - NÚMERO INTERNACIONAL ESTÁNDAR DEL LIBRO |
| Número Internacional Estándar del Libro |
9589818501 |
| 040 ## - FUENTE DE LA CATALOGACIÓN |
| Centro catalogador/agencia de origen |
DO-SdBNP |
| Lengua de catalogación |
spa |
| Centro/agencia transcriptor |
BNPHU |
| 082 ## - NÚMERO DE LA CLASIFICACIÓN DECIMAL DEWEY |
| Número de clasificación |
986.1 |
| Número de documento/Ítem |
R336o |
| 245 03 - MENCIÓN DE TÍTULO |
| Título |
La región y sus orígenes : |
| Resto del título |
momentos de la historia económica y política del Caribe colombiano / |
| Mención de responsabilidad, etc. |
compilador Gustavo Bell Lemus. |
| 260 ## - PUBLICACIÓN, DISTRIBUCIÓN, ETC. |
| Lugar de publicación, distribución, etc. |
Bogotá : |
| Nombre del editor, distribuidor, etc. |
Maremágnum, |
| Fecha de publicación, distribución, etc. |
2007. |
| 300 ## - DESCRIPCIÓN FÍSICA |
| Extensión |
214 p. : |
| Otras características físicas |
il., map. ; |
| Dimensiones |
24 cm. |
| 490 1# - MENCIÓN DE SERIE |
| Mención de serie |
Manglaria ; |
| Designación de volumen o secuencia |
1 |
| 505 0# - NOTA DE CONTENIDO CON FORMATO |
| Nota de contenido con formato |
Presentación / Gustavo Bell Lemus -- La conquista del Caribe colombiano o la pedagogía exploratoria para el establecimiento de la dominación española / José Polo Acuña -- Las ciudades, villas, sitios y el sistema político-administrativo en el Caribe colombiano / Hugues Sánchez Mejía -- Producción hacendil y parcelaria: los casos de la ganadería, la hacienda de trapiche y el tabaco en la economía regional del Caribe colombiano / Joaquín Viloria de la Hoz -- San Andrés, Providencia y Santa Catalina, las islas que coronan la región Caribe colombina / Adelaida Saurdis Nájera -- La navegación en el mar Caribe / Gonzalo Zúñiga Ángel -- Raza, clase y lealtades políticas durante las guerras de independencia en las provincias de Cartagena y Santa Marta / Ernesto Bassi Arévalo -- Participación de la marina patriota en la independencia (1805-1830) / Enrique Román Bazurto -- El río Magdalena y el Mar Caribe como ejes geohistóricos / Adriana Santos Delgado. |
| 650 #4 - PUNTO DE ACCESO ADICIONAL DE MATERIA--TÉRMINO DE MATERIA |
| Término de materia o nombre geográfico como elemento de entrada |
Historia económica |
| 9 (RLIN) |
1620 |
| 651 #0 - PUNTO DE ACCESO ADICIONAL DE MATERIA--NOMBRE GEOGRÁFICO |
| Nombre geográfico |
Caribe (Región) |
| Subdivisión general |
Historia |
| 9 (RLIN) |
87401 |
| 651 #0 - PUNTO DE ACCESO ADICIONAL DE MATERIA--NOMBRE GEOGRÁFICO |
| Nombre geográfico |
Caribe (Región) |
| Subdivisión general |
Política económica |
| 9 (RLIN) |
87401 |
| 651 #0 - PUNTO DE ACCESO ADICIONAL DE MATERIA--NOMBRE GEOGRÁFICO |
| Nombre geográfico |
Caribe (Región) |
| Subdivisión general |
Condiciones económicas |
| -- |
Historia |
| 9 (RLIN) |
87401 |
| 700 12 - PUNTO DE ACCESO ADICIONAL--NOMBRE DE PERSONA |
| Nombre de persona |
Bell Lemus, Gustavo, |
| Término indicativo de función/relación |
comp. |
| 9 (RLIN) |
1624 |
| 830 #0 - PUNTO DE ACCESO ADICIONAL DE SERIE-TÍTULO UNIFORME |
| Título uniforme |
Manglaria ; |
| Número de parte o sección de la obra |
1 |
| 9 (RLIN) |
1625 |
| 910 ## - DATOS DE OPCIÓN DEL USUARIO (OCLC) |
| Datos de opción del usuario |
Validado. Control de calidad MFF |
| 942 ## - ELEMENTOS DE PUNTO DE ACCESO ADICIONAL (KOHA) |
| Fuente del sistema de clasificación o colocación |
Dewey Decimal Classification |
| Tipo de ítem Koha |
Libro |